| 000 | 00755nam a2200253 4500 | ||
|---|---|---|---|
| 008 | s1994 fr fre u | ||
| 020 | _a2902918674 | ||
| 020 | _a9782902918676 | ||
| 040 | _aLB-BrCRDP | ||
| 082 | 1 |
_a612.84 _bHUB |
|
| 100 | 1 | _aHubel, David | |
| 245 | 1 | 2 |
_aL'œil, le cerveau et la vision. Les étapes cérébrales du traitement visuel _cDavid Hubel |
| 260 |
_aParis _bPour la science _c1994 |
||
| 300 |
_a240 p. _bcouv. couleur, ill. coul. _c24 cm |
||
| 490 | 0 | _aL'univers des sciences | |
| 500 | _aTable des matières, bibliographie, index. | ||
| 650 | 4 | _aVision | |
| 650 | 4 | _aCerveau | |
| 650 | 4 | _aOeil | |
| 650 | 4 | _aMédecine | |
| 650 | 4 | _aSciences | |
| 942 | _cBK | ||
| 999 |
_c680 _d680 |
||